[Event "7th Parsvnath International Open Chess T"]
[Site "Modern School, Barakhamba Road"]
[Date "2009.01.13"]
[Round "4.43"]
[White "Bhattacharya, Niladri Shekhar"]
[Black "Amanov, Zhanibek"]
[Result "1/2-1/2"]
[WhiteElo "2109"]
[BlackElo "2413"]
[PlyCount "68"]
[EventDate "2009.01.11"]

1. d4 d5 2. Nf3 Nf6 3. c4 e6 4. Nc3 Be7 5. Bg5 h6 6. Bh4 O-O 7. e3 b6 8. cxd5
Nxd5 9. Bxe7 Qxe7 10. Be2 Bb7 11. O-O Nd7 12. Rc1 c5 13. Nxd5 Bxd5 14. Bc4 Bxc4
15. Rxc4 b5 16. Rc3 c4 17. b3 Nb6 18. bxc4 Nxc4 19. Qb3 a6 20. Rfc1 Rfb8 21.
Qc2 Rd8 22. h3 Ra7 23. a4 Qb7 24. axb5 axb5 25. Nd2 Nxd2 26. Qxd2 e5 27. Rb3
exd4 28. exd4 Ra4 29. Qe2 Rdxd4 30. Rxb5 Qd7 31. Re5 Rd2 32. Qb5 Qa7 33. Re8+
Kh7 34. Qf5+ g6 1/2-1/2

[Event "7th Parsvnath International Open Chess T"]
[Site "Modern School, Barakhamba Road"]
[Date "2009.01.13"]
[Round "4.44"]
[White "Md, Irshad"]
[Black "Ibrayev, Nurlan"]
[Result "1-0"]
[WhiteElo "2106"]
[BlackElo "2407"]
[PlyCount "163"]
[EventDate "2009.01.11"]

1. d4 Nf6 2. Nf3 c5 3. g3 cxd4 4. Nxd4 a6 5. Bg2 Qc7 6. O-O e6 7. b3 Be7 8. c4
O-O 9. Bb2 d6 10. Nc3 Re8 11. Qd3 Nbd7 12. e4 b6 13. f4 Bb7 14. f5 Bf8 15. fxe6
fxe6 16. Rae1 Ne5 17. Qe2 Bc8 18. h3 Qb8 19. a4 Ra7 20. Nf3 Nfd7 21. Kh2 Nc5
22. Nxe5 dxe5 23. Qc2 Rd7 24. Rd1 Red8 25. Rxd7 Rxd7 26. Ba3 Bb7 27. a5 bxa5
28. Na4 Rc7 29. Qf2 Qc8 30. Nxc5 Bd6 31. Nxb7 Bxa3 32. Nxa5 Bb4 33. Ra1 Rc5 34.
Ra4 Qb8 35. Qa2 Qb6 36. Nb7 Qxb7 37. Rxa6 Rc6 38. Ra8+ Rc8 39. Ra7 Qc6 40. Qa6
Qe8 41. h4 Bc5 42. Rb7 Ra8 43. Qb5 Qf8 44. Qd7 Qf6 45. Rc7 Bf2 46. Rc8+ Rxc8
47. Qxc8+ Kf7 48. Qd7+ Kf8 49. Qd2 Bd4 50. b4 h6 51. Qe2 Qe7 52. c5 Qa7 53. Qc4
Qa3 54. Qxe6 Qxb4 55. c6 Qb8 56. Bf1 Qb2+ 57. Kh3 Qc1 58. Qc8+ Kf7 59. Qd7+ Kf6
60. Bg2 Bb6 61. Qf5+ Ke7 62. Qxe5+ Kf7 63. Qf4+ Qxf4 64. gxf4 Bc7 65. Kg4 g6
66. h5 gxh5+ 67. Kf5 h4 68. e5 Bb6 69. Bh3 Bc7 70. Ke4 Ke7 71. f5 Kf7 72. f6
Kg6 73. Bf5+ Kf7 74. Bh3 Kg6 75. Kf4 h5 76. Ke4 Bd8 77. Bf1 Bc7 78. Kf4 Bb8 79.
Bd3+ Kf7 80. Kf5 h3 81. e6+ Ke8 82. f7+ 1-0

[Event "7th Parsvnath International Open Chess T"]
[Site "Modern School, Barakhamba Road"]
[Date "2009.01.13"]
[Round "4.45"]
[White "Swaraj, Palit"]
[Black "Prakash, G B."]
[Result "0-1"]
[WhiteElo "2100"]
[BlackElo "2397"]
[PlyCount "40"]
[EventDate "2009.01.11"]

1. d4 e6 2. e4 d5 3. Nd2 dxe4 4. Nxe4 Nd7 5. Bd3 Ngf6 6. Nf3 c5 7. dxc5 Bxc5 8.
Nxc5 Nxc5 9. Be2 Qxd1+ 10. Bxd1 b6 11. Be2 Bb7 12. Be3 Ke7 13. O-O-O Rac8 14.
Ne1 Nd5 15. Bxc5+ Rxc5 16. Nd3 Rc7 17. Bf3 b5 18. Rhe1 Rhc8 19. c3 Kf8 20. g3
Nxc3 0-1

[Event "7th Parsvnath International Open Chess T"]
[Site "Modern School, Barakhamba Road"]
[Date "2009.01.13"]
[Round "4.46"]
[White "Swapnil, S  Dhopade"]
[Black "Manish, Hamal"]
[Result "1-0"]
[WhiteElo "2361"]
[BlackElo "2089"]
[PlyCount "47"]
[EventDate "2009.01.11"]

1. d4 Nf6 2. c4 c5 3. d5 e6 4. Nc3 exd5 5. cxd5 d6 6. e4 g6 7. f4 Bg7 8. Nf3
O-O 9. Be2 Re8 10. e5 dxe5 11. fxe5 Ng4 12. e6 fxe6 13. d6 Nc6 14. O-O Nd4 15.
Ne4 Nxf3+ 16. Bxf3 Ne5 17. Bg5 Qb6 18. Nf6+ Bxf6 19. Bxf6 c4+ 20. Kh1 Nd3 21.
Qc2 Qxd6 22. Be4 Bd7 23. Bxg6 Nf2+ 24. Qxf2 1-0

[Event "7th Parsvnath International Open Chess T"]
[Site "Modern School, Barakhamba Road"]
[Date "2009.01.13"]
[Round "4.47"]
[White "Mishra, Neeraj-Kumar"]
[Black "Devangi, Patankar"]
[Result "1-0"]
[WhiteElo "2338"]
[BlackElo "2084"]
[PlyCount "73"]
[EventDate "2009.01.11"]

1. d4 Nf6 2. Nf3 e6 3. g3 c5 4. Bg2 d5 5. O-O Nbd7 6. c4 Be7 7. cxd5 exd5 8.
Nc3 O-O 9. Bf4 a6 10. Rc1 Re8 11. h4 h6 12. Be5 c4 13. Nh2 Nb6 14. a4 Be6 15.
a5 Nbd7 16. f4 Nxe5 17. dxe5 Bc5+ 18. Kh1 Nh5 19. Rf3 f5 20. e3 Qxa5 21. Nf1
Rad8 22. Ne2 g6 23. Nd4 Ng7 24. Nxe6 Nxe6 25. h5 d4 26. hxg6 b5 27. exd4 Nxd4
28. Rfc3 Qb6 29. g4 Qxg6 30. Rg3 Kh8 31. Ra1 Ne6 32. Qc1 fxg4 33. Rxa6 Qh5+ 34.
Nh2 Nxf4 35. Qxf4 Rd1+ 36. Bf1 Rf8 37. Rxh6+ 1-0

[Event "7th Parsvnath International Open Chess T"]
[Site "Modern School, Barakhamba Road"]
[Date "2009.01.13"]
[Round "4.48"]
[White "Ghosh, Diptayan"]
[Black "Babu, N Sudhakar"]
[Result "1/2-1/2"]
[WhiteElo "2094"]
[BlackElo "2333"]
[PlyCount "36"]
[EventDate "2009.01.11"]

1. d4 Nf6 2. c4 c5 3. Nf3 cxd4 4. Nxd4 g6 5. Nc3 Bg7 6. e4 d6 7. Be2 Nc6 8. Be3
O-O 9. O-O a6 10. Rc1 Bd7 11. f3 Rc8 12. Qd2 Nxd4 13. Bxd4 Be6 14. b3 Qa5 15.
Be3 Rfd8 16. Rfd1 Kf8 17. Bf1 Kg8 18. Be2 Kf8 1/2-1/2

[Event "7th Parsvnath International Open Chess T"]
[Site "Modern School, Barakhamba Road"]
[Date "2009.01.13"]
[Round "4.49"]
[White "Arkhangels, Y Boris"]
[Black "Negi, D S."]
[Result "1/2-1/2"]
[WhiteElo "2315"]
[BlackElo "2076"]
[PlyCount "38"]
[EventDate "2009.01.11"]

1. d4 Nf6 2. Nf3 g6 3. c4 Bg7 4. Nc3 d5 5. Bf4 O-O 6. Rc1 c6 7. e3 Qb6 8. Qd2
Ne4 9. Nxe4 dxe4 10. c5 Qd8 11. Ne5 Be6 12. Bc4 Bxc4 13. Nxc4 Nd7 14. Qc2 e5
15. Nxe5 Nxe5 16. Bxe5 Bxe5 17. dxe5 Qa5+ 18. Qc3 Qxa2 19. O-O Qe6 1/2-1/2

[Event "7th Parsvnath International Open Chess T"]
[Site "Modern School, Barakhamba Road"]
[Date "2009.01.13"]
[Round "4.50"]
[White "Gagan, Chitkara"]
[Black "Deshmukh, Anup"]
[Result "0-1"]
[WhiteElo "2088"]
[BlackElo "2311"]
[PlyCount "84"]
[EventDate "2009.01.11"]

1. e4 c5 2. Nc3 Nc6 3. f4 g6 4. Nf3 Bg7 5. Bb5 Nd4 6. O-O a6 7. Bc4 b5 8. Bd5
Ra7 9. a4 e6 10. Ba2 Ne7 11. Kh1 b4 12. Ne2 Nxf3 13. Rxf3 Bb7 14. d3 f5 15. Re3
Qa8 16. Ng3 h5 17. Qe1 h4 18. Nf1 Bd4 19. Re2 fxe4 20. dxe4 h3 21. c3 hxg2+ 22.
Kxg2 Bf6 23. Kg1 bxc3 24. bxc3 Kf7 25. Ng3 Rh3 26. Ba3 Qh8 27. Bxc5 Ra8 28. Qf2
Qh4 29. Bd4 Rh8 30. Nf1 Qg4+ 31. Qg2 Qxg2+ 32. Kxg2 Bxd4 33. cxd4 Rd3 34. Rb1
Ba8 35. d5 exd5 36. Rd2 Rxd2+ 37. Nxd2 Rc8 38. Rb2 Kg7 39. Bb1 Rc3 40. Rb3 d4
41. Rb4 Nc6 42. Rc4 a5 0-1

[Event "7th Parsvnath International Open Chess T"]
[Site "New Delhi India"]
[Date "2009.01.14"]
[Round "5"]
[White "Shukhrat, Safin"]
[Black "Sunil Mokal, Prathamesh"]
[Result "1-0"]
[WhiteElo "2518"]
[BlackElo "2389"]
[PlyCount "82"]
[EventDate "2009.01.11"]
[Source "MonRoi"]

1. d4 Nf6 2. c4 e6 3. Nf3 b6 4. g3 Ba6 5. Nbd2 Bb4 6. Qc2 Bb7 7. Bg2 Be4 8. Qd1
O-O 9. O-O Bxd2 10. Qxd2 d6 11. b3 Nbd7 12. Rd1 Qe7 13. Ba3 Rfd8 14. Bf1 c5 15.
Nh4 a5 16. f3 Bb7 17. e4 cxd4 18. Qxd4 Nc5 19. Bb2 Bc6 20. Qe3 Ne8 21. Rd2 Rab8
22. Rad1 Rd7 23. Ng2 Nc7 24. Nf4 e5 25. Nd5 Nxd5 26. cxd5 Bb7 27. a3 Rc7 28.
Rc1 a4 29. b4 Nb3 30. Rxc7 Qxc7 31. Rf2 Bc8 32. f4 f6 33. fxe5 dxe5 34. Bb5 Bd7
35. Bc6 b5 36. Rc2 Rc8 37. Qd3 Bh3 38. Kf2 f5 39. d6 Qb6+ 40. Qe3 Qxe3+ 41.
Kxe3 Kf8 1-0

[Event "7th Parsvnath International Open Chess T"]
[Site "New Delhi India"]
[Date "2009.01.14"]
[Round "5"]
[White "Boris N, Katalymov"]
[Black "Mikhail, Ulibin"]
[Result "0-1"]
[WhiteElo "2367"]
[BlackElo "2511"]
[PlyCount "46"]
[EventDate "2009.01.11"]
[Source "MonRoi"]

1. d4 e6 2. Nf3 c5 3. c4 cxd4 4. Nxd4 Nf6 5. Nc3 Bb4 6. Ndb5 O-O 7. a3 Bxc3+ 8.
Nxc3 d5 9. e3 Nc6 10. Be2 dxc4 11. Qxd8 Rxd8 12. Bxc4 b6 13. f3 Ne5 14. Ba2 Ba6
15. e4 h6 16. b4 Nc6 17. b5 Nd4 18. Rb1 Rac8 19. bxa6 Rxc3 20. O-O Ne2+ 21. Kh1
Nxc1 22. Rfxc1 Rxa3 23. Bc4 Rc8 0-1

[Event "7th Parsvnath International Open Chess T"]
[Site "New Delhi India"]
[Date "2009.01.14"]
[Round "5"]
[White "Petr, Kostenko"]
[Black "Kumar C, Praveen"]
[Result "1-0"]
[WhiteElo "2501"]
[BlackElo "2360"]
[PlyCount "77"]
[EventDate "2009.01.11"]
[Source "MonRoi"]

1. c4 e6 2. Nf3 Nf6 3. Nc3 c5 4. e4 d6 5. d4 cxd4 6. Nxd4 a6 7. Be2 Qc7 8. Be3
Nbd7 9. Rc1 b6 10. O-O Bb7 11. f3 Be7 12. Qd2 O-O 13. Rfd1 Rac8 14. Bf1 Qb8 15.
Kh1 Bd8 16. b4 Bc7 17. Bg1 Qa8 18. Nb3 Rfd8 19. a3 d5 20. exd5 exd5 21. c5 bxc5
22. bxc5 Ne5 23. Nd4 Nc4 24. Qg5 h6 25. Qh4 Ne5 26. Na4 Ng6 27. Qf2 Bc6 28. Nb6
Bxb6 29. cxb6 Bb7 30. Qb2 Qb8 31. Bf2 Nh5 32. Qd2 Ne5 33. Nf5 Rxc1 34. Rxc1 d4
35. Rc7 Bxf3 36. Bxd4 Qxb6 37. Rc8 Kh7 38. Rxd8 Qxd8 39. Qc2 1-0

[Event "7th Parsvnath International Open Chess T"]
[Site "New Delhi India"]
[Date "2009.01.14"]
[Round "5"]
[White "Yuriy, Kuzubov"]
[Black "Sharma, Himanshu"]
[Result "1-0"]
[WhiteElo "2626"]
[BlackElo "2405"]
[PlyCount "105"]
[EventDate "2009.01.11"]
[Source "MonRoi"]

1. d4 d5 2. c4 c6 3. Nf3 Nf6 4. Nc3 a6 5. cxd5 cxd5 6. Bf4 Nc6 7. e3 Bf5 8. Be2
e6 9. O-O Be7 10. Rc1 O-O 11. h3 Qa5 12. a3 Rfc8 13. Na4 Na7 14. Qb3 b5 15. Nc5
Qb6 16. Nh4 Be4 17. f3 Bg6 18. Nxg6 hxg6 19. Qc2 Nc6 20. b4 Qd8 21. Qd2 Nd7 22.
a4 Nxc5 23. bxc5 b4 24. Bg3 a5 25. Kh1 Bh4 26. Bh2 Qd7 27. Rcd1 Bf6 28. Bb5 Qb7
29. Qe2 Rd8 30. Bg3 Ra7 31. Rd2 Qc8 32. Rc1 Bg5 33. h4 Bf6 34. Rcd1 Qa8 35. Qf2
Rad7 36. Qe2 Ra7 37. Bf2 Rad7 38. f4 Rc7 39. Rb1 Qc8 40. g4 Be7 41. Kg2 Qb7 42.
Bg3 Rcd7 43. Kf2 f5 44. Rh1 Rf8 45. Kg2 Rdd8 46. Rdd1 Rb8 47. h5 gxh5 48. gxf5
exf5 49. Qxh5 Qd7 50. Rh3 Rf6 51. Bxc6 Qxc6 52. Rd2 Qd7 53. Qh8+ 1-0

[Event "7th Parsvnath International Open Chess T"]
[Site "New Delhi India"]
[Date "2009.01.14"]
[Round "5"]
[White "Jha, Sriram"]
[Black "Surya Shekhar, Ganguly"]
[Result "1/2-1/2"]
[WhiteElo "2442"]
[BlackElo "2614"]
[PlyCount "86"]
[EventDate "2009.01.11"]
[Source "MonRoi"]

1. d4 Nf6 2. c4 c5 3. d5 e6 4. Nc3 exd5 5. cxd5 d6 6. e4 g6 7. h3 Bg7 8. Nf3
O-O 9. Bd3 a6 10. a4 Nbd7 11. O-O Nh5 12. Bg5 Bf6 13. Bh6 Bg7 14. Bg5 Bf6 15.
Bh6 Re8 16. Re1 Ne5 17. Be2 Nxf3+ 18. Bxf3 Ng7 19. Qd2 Bd7 20. Be2 Bd4 21. Bg5
f6 22. Bf4 f5 23. Bd3 Qf6 24. a5 Rf8 25. exf5 Bxf5 26. Bxf5 Nxf5 27. Ne4 Qf7
28. Bg5 Rae8 29. Re2 Bg7 30. Rae1 Re5 31. Nc3 Rxe2 32. Rxe2 h6 33. Bf4 g5 34.
Bh2 Bd4 35. Re6 Ng7 36. Re2 Nf5 37. Re6 Ng7 38. Re2 Qg6 39. Ne4 Re8 40. Qd3 Nf5
41. Ng3 Rxe2 42. Qxe2 Nxg3 43. Bxg3 Kf7 1/2-1/2

[Event "7th Parsvnath International Open Chess T"]
[Site "New Delhi India"]
[Date "2009.01.14"]
[Round "5"]
[White "Evgeny, Gleizerov"]
[Black "S P, Sethuraman"]
[Result "0-1"]
[WhiteElo "2544"]
[BlackElo "2415"]
[PlyCount "62"]
[EventDate "2009.01.11"]
[Source "MonRoi"]

1. d4 Nf6 2. c4 e6 3. g3 d5 4. Nf3 dxc4 5. Bg2 a6 6. O-O b5 7. Ne5 Nd5 8. a4
Bb7 9. axb5 axb5 10. Rxa8 Bxa8 11. e4 Nf6 12. Nc3 c6 13. d5 Be7 14. dxe6 fxe6
15. Qe2 O-O 16. Rd1 Qe8 17. Bh3 Kh8 18. Bf4 Nbd7 19. Nxd7 Nxd7 20. Bd6 Nc5 21.
e5 Nd3 22. f4 Bxd6 23. exd6 Qb8 24. Ne4 c5 25. b3 Qb7 26. Bg2 Qd5 27. bxc4 bxc4
28. h4 Qd4+ 29. Kh2 h6 30. Nd2 Bxg2 31. Kxg2 Qd5+ 0-1

[Event "7th Parsvnath International Open Chess T"]
[Site "New Delhi India"]
[Date "2009.01.14"]
[Round "5"]
[White "Dibyendu, Barua"]
[Black "Sokhib, Djuraev"]
[Result "1/2-1/2"]
[WhiteElo "2490"]
[BlackElo "2353"]
[PlyCount "114"]
[EventDate "2009.01.11"]
[Source "MonRoi"]

1. e4 e5 2. Bc4 Nf6 3. d3 Nc6 4. Nf3 Be7 5. Bb3 O-O 6. O-O d6 7. c3 Na5 8. Bc2
c5 9. a3 Nc6 10. b4 b6 11. Nbd2 Qc7 12. Re1 Be6 13. Bb2 a5 14. b5 Nd8 15. d4
Rc8 16. Rc1 Ne8 17. h3 g6 18. Nf1 Bf6 19. Ne3 Bg7 20. Ng5 Bh6 21. Nxe6 fxe6 22.
dxe5 dxe5 23. c4 Nf6 24. Qe2 Nb7 25. Rcd1 Rcd8 26. Nf1 Rd4 27. Nh2 Nd7 28. Nf3
Nd6 29. Bd3 Qd8 30. a4 Rf7 31. Nxd4 cxd4 32. Ba3 Nb7 33. c5 Ndxc5 34. Bc4 Qe8
35. Qa2 Rf6 36. Qc2 Bg5 37. Re2 h5 38. Ba2 Qf7 39. Rd3 Bh4 40. g3 Nxd3 41. Qxd3
Rf3 42. Qc4 Rxa3 43. Qc8+ Kg7 44. Rc2 Rc3 45. Rxc3 dxc3 46. gxh4 Nc5 47. Bb1
Nxa4 48. Qb8 Qf4 49. Qc7+ Kh6 50. Qd8 Kg7 51. Bc2 Nc5 52. Qxb6 Qc1+ 53. Kh2
Qxc2 54. Qxc5 Qd2 55. Qe7+ Kh6 56. Qf8+ Kh7 57. Qf7+ Kh6 1/2-1/2

[Event "7th Parsvnath International Open Chess T"]
[Site "New Delhi India"]
[Date "2009.01.14"]
[Round "5"]
[White "Arghyadip, Das"]
[Black "Das, Neelotpal"]
[Result "1/2-1/2"]
[WhiteElo "2404"]
[BlackElo "2490"]
[PlyCount "22"]
[EventDate "2009.01.11"]
[Source "MonRoi"]

1. d4 Nf6 2. Nc3 d5 3. Bg5 c5 4. Bxf6 gxf6 5. e4 Nc6 6. exd5 Nxd4 7. Nf3 Nf5 8.
Bb5+ Bd7 9. Qe2 Bh6 10. O-O O-O 11. Rad1 Kh8 1/2-1/2

[Event "7th Parsvnath International Open Chess T"]
[Site "New Delhi India"]
[Date "2009.01.14"]
[Round "5"]
[White "Bandyopadhyay, Roktim"]
[Black "Magesh Chandran, Panchanathan"]
[Result "1-0"]
[WhiteElo "2372"]
[BlackElo "2490"]
[PlyCount "79"]
[EventDate "2009.01.11"]
[Source "MonRoi"]

1. Nf3 Nf6 2. c4 e6 3. g3 d5 4. Bg2 dxc4 5. Qa4+ Nbd7 6. O-O a6 7. Qxc4 b5 8.
Qc2 c5 9. d3 Bb7 10. Nc3 Be7 11. a4 Bc6 12. e4 O-O 13. Bf4 Qb6 14. Rfd1 Rac8
15. Qe2 Qb7 16. Nd2 Rfd8 17. axb5 axb5 18. Nb3 Qb6 19. Be3 Ra8 20. d4 b4 21.
dxc5 Qb7 22. Rxa8 Rxa8 23. Nb1 Bxe4 24. Bxe4 Nxe4 25. Rc1 Rc8 26. N1d2 Nexc5
27. Nxc5 Bxc5 28. Qc4 Nb6 29. Qb5 Bxe3 30. Rxc8+ Qxc8 31. fxe3 Nd5 32. e4 Ne3
33. Qxb4 Qc1+ 34. Kf2 Ng4+ 35. Ke2 h5 36. h3 Nf6 37. Qb8+ Kh7 38. Qe5 Qh1 39.
Nf3 Qg2+ 40. Ke3 1-0

[Event "7th Parsvnath International Open Chess T"]
[Site "New Delhi India"]
[Date "2009.01.14"]
[Round "5"]
[White "Babu M R, Lalith"]
[Black "Atanu, Lahiri"]
[Result "0-1"]
[WhiteElo "2477"]
[BlackElo "2310"]
[PlyCount "78"]
[EventDate "2009.01.11"]
[Source "MonRoi"]

1. Nf3 Nf6 2. c4 g6 3. Nc3 Bg7 4. e4 d6 5. d4 O-O 6. Be2 e5 7. O-O Nc6 8. d5
Ne7 9. b4 Nh5 10. Re1 f5 11. Ng5 Nf6 12. Bf3 c6 13. Be3 cxd5 14. cxd5 h6 15.
Ne6 Bxe6 16. dxe6 fxe4 17. Nxe4 Nxe4 18. Bxe4 d5 19. Bc2 b6 20. Qg4 e4 21. Rad1
Qc7 22. Bb3 Rf5 23. Rd2 Kh7 24. Red1 Qc6 25. Rc2 Qxe6 26. Rc7 a5 27. bxa5 bxa5
28. Bc5 h5 29. Qh3 Nc6 30. Rxd5 Qf6 31. g3 Ne5 32. Kg2 Rxf2+ 33. Bxf2 e3 34.
Rc2 Rf8 35. Rdd2 exd2 36. Rxd2 Ng4 37. Bc2 Qxf2+ 38. Rxf2 Rxf2+ 39. Kg1 Rxc2
0-1

[Event "7th Parsvnath International Open Chess T"]
[Site "New Delhi India"]
[Date "2009.01.14"]
[Round "5"]
[White "Das, Debashis"]
[Black "M R, Venkatesh"]
[Result "1/2-1/2"]
[WhiteElo "2365"]
[BlackElo "2470"]
[PlyCount "34"]
[EventDate "2009.01.11"]
[Source "MonRoi"]

1. e4 c5 2. c3 e6 3. d4 d5 4. exd5 exd5 5. Nf3 Nf6 6. Bb5+ Bd7 7. Bxd7+ Nbxd7
8. O-O Be7 9. dxc5 Nxc5 10. Nbd2 O-O 11. Nb3 Nce4 12. Bf4 Qc8 13. Nfd4 Re8 14.
Qf3 Qd7 15. Rfe1 Bf8 16. Re2 h6 17. Qd3 a6 1/2-1/2

[Event "7th Parsvnath International Open Chess T"]
[Site "New Delhi India"]
[Date "2009.01.14"]
[Round "5"]
[White "G B, Joshi"]
[Black "Justin, Sarkar"]
[Result "0-1"]
[WhiteElo "2273"]
[BlackElo "2455"]
[PlyCount "128"]
[EventDate "2009.01.11"]
[Source "MonRoi"]

1. Nf3 Nf6 2. c4 c5 3. Nc3 d5 4. cxd5 Nxd5 5. g3 Nc6 6. Bg2 Nc7 7. O-O g6 8. d3
Bg7 9. Be3 b6 10. Rc1 Bb7 11. Qa4 O-O 12. Rfd1 Nd4 13. Bxd4 cxd4 14. Nb5 Ne6
15. Qb4 a6 16. Na3 Bh6 17. Rc2 b5 18. Nb1 Rc8 19. Rxc8 Qxc8 20. Na3 Qc5 21.
Qxc5 Nxc5 22. Nxd4 Bxg2 23. Kxg2 Na4 24. Nc6 Nxb2 25. Rb1 Na4 26. Nxe7+ Kg7 27.
e3 Rd8 28. d4 Rd6 29. Rc1 Rxd4 30. Rc2 Rd3 31. Nb1 Kf8 32. Nc6 Bg7 33. Nb4 Rd1
34. Na3 Bb2 35. Rc8+ Kg7 36. Nac2 a5 37. Nc6 Bc3 38. N2d4 Rb1 39. Rc7 Bxd4 40.
exd4 Rc1 41. d5 Rd1 42. Nxa5 Rxd5 43. Rb7 Nc3 44. a3 Nb1 45. a4 bxa4 46. Nc4
Nc3 47. Ra7 Kf6 48. Ra6+ Ke7 49. Kf3 Rd3+ 50. Kg2 Rd4 51. Ra7+ Ke6 52. Na3 Rd2
53. Ra5 Ra2 54. Nb5 Ne4 55. Kf3 f5 56. Ke3 Nxf2 57. Nc3 Ng4+ 58. Kf4 Rf2+ 59.
Kg5 Rxh2 60. Rxa4 Rh5+ 61. Kf4 g5+ 62. Kf3 Rh2 63. Ra6+ Kf7 64. Ne4 Ne5+ 0-1

[Event "7th Parsvnath International Open Chess T"]
[Site "New Delhi India"]
[Date "2009.01.14"]
[Round "5"]
[White "Praveen M, Thipsay"]
[Black "Vinay Kumar, Matta"]
[Result "1/2-1/2"]
[WhiteElo "2453"]
[BlackElo "2246"]
[PlyCount "56"]
[EventDate "2009.01.11"]
[Source "MonRoi"]

1. e4 e5 2. Nf3 Nc6 3. Bb5 a6 4. Ba4 Nf6 5. O-O Be7 6. Re1 b5 7. Bb3 d6 8. a4
Bg4 9. c3 O-O 10. h3 Bh5 11. d3 Qd7 12. Nbd2 Na5 13. Bc2 c5 14. Nf1 Nc6 15. Ng3
Bg6 16. Nh4 d5 17. Nhf5 d4 18. h4 h5 19. Bg5 Ng4 20. Bb3 Bxf5 21. exf5 Rad8 22.
axb5 axb5 23. Qf3 dxc3 24. bxc3 Qxd3 25. Qxc6 Bxg5 26. hxg5 Qxc3 27. Qxb5 Nxf2
28. Kxf2 Qd4+ 1/2-1/2

[Event "7th Parsvnath International Open Chess T"]
[Site "New Delhi India"]
[Date "2009.01.14"]
[Round "5"]
[White "Shreyansh Daklia, Jain"]
[Black "P, Karthikeyan"]
[Result "0-1"]
[WhiteElo "2250"]
[BlackElo "2450"]
[PlyCount "57"]
[EventDate "2009.01.11"]
[Source "MonRoi"]

1. e4 e5 2. Nf3 Nc6 3. Bb5 a6 4. Ba4 d6 5. Bxc6+ bxc6 6. d4 f6 7. Nc3 Ne7 8.
Be3 Rb8 9. b3 Ng6 10. h4 d5 11. exd5 Bb4 12. Bd2 O-O 13. O-O Bg4 14. Ne4 cxd5
15. Bxb4 dxe4 16. Bxf8 Qxf8 17. dxe5 exf3 18. gxf3 Bh3 19. h5 Bxf1 20. hxg6 Bh3
21. Qd5+ Kh8 22. Re1 Bf5 23. gxh7 Rb5 24. Qc4 Qe8 25. f4 fxe5 26. a4 Qg6+ 27.
Kf1 Bh3+ 28. Ke2 Be6 29. Qc6 0-1

[Event "7th Parsvnath International Open Chess T"]
[Site "New Delhi India"]
[Date "2009.01.14"]
[Round "5"]
[White "Kherdekar, Saurabh"]
[Black "Deep, Sengupta"]
[Result "1/2-1/2"]
[WhiteElo "2238"]
[BlackElo "2445"]
[PlyCount "70"]
[EventDate "2009.01.11"]
[Source "MonRoi"]

1. d4 e6 2. c4 d5 3. Nf3 c6 4. e3 Nf6 5. b3 Ne4 6. Bb2 f5 7. Bd3 Bb4+ 8. Nbd2
O-O 9. O-O Nd7 10. a3 Bd6 11. Ne5 Qc7 12. f4 Ndf6 13. b4 Qe7 14. b5 cxb5 15.
cxb5 Bd7 16. a4 Rfc8 17. Nxe4 dxe4 18. Be2 Nd5 19. Qb3 Rc7 20. Rfc1 Rac8 21.
Bc4 Bxe5 22. Bxd5 Bxf4 23. exf4 exd5 24. Qxd5+ Qe6 25. Qxe6+ Bxe6 26. Rxc7 Rxc7
27. Rc1 Rxc1+ 28. Bxc1 b6 29. Ba3 Bb3 30. Bd6 Bxa4 31. Bb8 Bxb5 32. Bxa7 e3 33.
Bxb6 Bc4 34. g3 Kf7 35. d5 e2 1/2-1/2

[Event "7th Parsvnath International Open Chess T"]
[Site "New Delhi India"]
[Date "2009.01.14"]
[Round "5"]
[White "Alexander, Areshchenko"]
[Black "Debaraj, Chatterjee"]
[Result "1-0"]
[WhiteElo "2673"]
[BlackElo "2218"]
[PlyCount "77"]
[EventDate "2009.01.11"]
[Source "MonRoi"]

1. e4 c5 2. Nf3 d6 3. d4 cxd4 4. Nxd4 Nf6 5. Nc3 a6 6. Be3 e5 7. Nf3 Be7 8. Bc4
O-O 9. O-O Nc6 10. Qe2 Be6 11. Rfd1 Qe8 12. Bg5 Nd7 13. Bxe6 fxe6 14. Bxe7 Qxe7
15. Qd3 Rxf3 16. Qxf3 Nd4 17. Qd3 Qg5 18. f4 Qg6 19. fxe5 dxe5 20. Ne2 Nc5 21.
Qe3 Nxe2+ 22. Qxe2 Nxe4 23. Rd3 Rf8 24. Rf1 Rxf1+ 25. Kxf1 h6 26. Re3 Qf5+ 27.
Kg1 Nf6 28. Rxe5 Qf4 29. Rxe6 Qc1+ 30. Qf1 Qxb2 31. Qc4 Kh8 32. h3 b5 33. Qb3
Qc1+ 34. Kh2 a5 35. Ra6 Qf4+ 36. Qg3 Qe4 37. Rxa5 Qxc2 38. Qb8+ Kh7 39. Qxb5
1-0

[Event "7th Parsvnath International Open Chess T"]
[Site "New Delhi India"]
[Date "2009.01.14"]
[Round "5"]
[White "Gurpreet Pal, Singh"]
[Black "Yuri, Solodovnichenko"]
[Result "0-1"]
[WhiteElo "2258"]
[BlackElo "2571"]
[PlyCount "112"]
[EventDate "2009.01.11"]
[Source "MonRoi"]

1. e4 c5 2. Nf3 e6 3. d4 cxd4 4. Nxd4 Nf6 5. Nc3 d6 6. Bg5 a6 7. f4 Qc7 8. Be2
b5 9. Bxf6 gxf6 10. Bh5 Bg7 11. f5 O-O 12. Qg4 b4 13. Nd1 Qc5 14. Nb3 exf5 15.
Qxg7+ Kxg7 16. Nxc5 dxc5 17. exf5 Bxf5 18. Ne3 Re8 19. Kf2 Bg6 20. Bg4 h5 21.
Bf3 Ra7 22. Rhe1 Rae7 23. Rad1 Re5 24. Rd6 R8e6 25. Rxe6 Rxe6 26. Rd1 Nc6 27.
Bxc6 Rxc6 28. Rd5 c4 29. Rd4 Rc5 30. Rxc4 Rxc4 31. Nxc4 Bxc2 32. Ke3 Bb1 33. a3
Ba2 34. Kd4 bxa3 35. bxa3 Kg6 36. a4 h4 37. a5 Kg5 38. Nd6 f5 39. Nb7 Be6 40.
Nc5 Bc8 41. Ke5 f6+ 42. Kd4 Kg4 43. Nd3 f4 44. Nf2+ Kf5 45. Ne4 Bd7 46. Nd6+
Kg4 47. Ne4 Bc6 48. h3+ Kf5 49. Nd6+ Kg6 50. Ne4 f5 51. Nc5 Bxg2 52. Ne6 Bxh3
53. Nxf4+ Kg5 54. Nxh3+ Kg4 55. Nf2+ Kf3 56. Nh3 Kg3 0-1

[Event "7th Parsvnath International Open Chess T"]
[Site "New Delhi India"]
[Date "2009.01.14"]
[Round "5"]
[White "Arjun, Tiwari"]
[Black "Abhijit, Kunte"]
[Result "0-1"]
[WhiteElo "2256"]
[BlackElo "2527"]
[PlyCount "92"]
[EventDate "2009.01.11"]
[Source "MonRoi"]

1. e4 c5 2. Nf3 e6 3. c4 a6 4. Nc3 Qc7 5. Be2 b6 6. O-O Bb7 7. Re1 Nf6 8. e5
Ng4 9. d4 cxd4 10. Qxd4 h5 11. Na4 Nc6 12. Qxb6 Qxb6 13. Nxb6 Rb8 14. h3 Ngxe5
15. Nxe5 Nxe5 16. Bf4 f6 17. Be3 Bb4 18. Red1 d6 19. a3 Bc5 20. Bxc5 dxc5 21.
Na4 Bc6 22. Nxc5 Rxb2 23. Rab1 Rxb1 24. Rxb1 Ke7 25. Nxa6 g5 26. c5 g4 27. hxg4
hxg4 28. Nb4 Be4 29. Rc1 f5 30. c6 Kd6 31. a4 Nxc6 32. Nxc6 Bxc6 33. a5 Rb8 34.
Bc4 e5 35. a6 f4 36. Be2 Rg8 37. a7 f3 38. Bd3 Ba8 39. Bf1 Rg7 40. Ra1 e4 41.
Kh2 g3+ 42. fxg3 f2 43. g4 Rxg4 44. Be2 Rg7 45. Ra5 e3 46. g4 Rxg4 0-1

[Event "7th Parsvnath International Open Chess T"]
[Site "Modern School, Barakhamba Road"]
[Date "2009.01.14"]
[Round "5.21"]
[White "Mehar, Chinna Reddy C H"]
[Black "Iuldachev, Saidali"]
[Result "0-1"]
[WhiteElo "2246"]
[BlackElo "2520"]
[PlyCount "118"]
[EventDate "2009.01.11"]

1. e4 e5 2. Nf3 Nc6 3. Bb5 a6 4. Ba4 Nf6 5. O-O Be7 6. Re1 b5 7. Bb3 d6 8. c3
O-O 9. h3 Na5 10. Bc2 c5 11. d4 Qc7 12. Nbd2 Be6 13. Nf1 Nc4 14. b3 Nb6 15. Ne3
Rfe8 16. d5 Bd7 17. a4 c4 18. a5 cxb3 19. Bxb3 Nc4 20. Bxc4 bxc4 21. Nd2 Bb5
22. Nf5 Bf8 23. Qf3 Nd7 24. Nf1 Nc5 25. Qg4 Nd3 26. N1g3 f6 27. Re3 Kh8 28. Bd2
g6 29. Nh4 Qg7 30. Qd1 Rab8 31. Re2 Bd7 32. Be3 Rb3 33. Rc2 Reb8 34. Bb6 Nb2
35. Qe2 Nd3 36. Qd1 Qe7 37. Nf3 Bh6 38. Nf1 Rb2 39. Rxb2 Nxb2 40. Qe2 Nd3 41.
N3d2 Bb5 42. Ne3 Rc8 43. Qg4 Bd7 44. Qd1 Bb5 45. Qg4 Qe8 46. Rb1 Bg5 47. Qf3
Kg7 48. Nexc4 Rxc4 49. Nxc4 Bxc4 50. Be3 Qd7 51. Bxg5 fxg5 52. Rb8 Nf4 53. Qe3
Kh6 54. Qb6 Qa4 55. Qb1 Bd3 56. Qe1 Ne2+ 57. Kh2 Qxe4 58. Rb2 Bc4 59. Rd2 Nxc3
0-1